logo

Bir Sreshtho Munshi Abdur Rouf Library
Jhenaidah Cadet College

Illustrated History of English Literature / (Record no. 8527)

MARC details
000 -LEADER
fixed length control field 00550nam a22002177a 4500
001 - CONTROL NUMBER
JCCL Control Number 8527
003 - CONTROL NUMBER IDENTIFIER
JCCL marc code BD-JhCC
005 - DATE AND TIME OF LATEST TRANSACTION
control field 20180321172844.0
008 - FIXED-LENGTH DATA ELEMENTS--GENERAL INFORMATION
fixed length control field 180226s1953 unk|||| |||| 00|10 ee d
035 ## - SYSTEM CONTROL NUMBER
system control number (BD-JhCC) 8527
040 ## - CATALOGING SOURCE
Original cataloging agency BD-JhCC
Modifying agency BD-JhCC
041 ## - LANGUAGE CODE
Language code of Book eng
082 ## - DEWEY DECIMAL CLASSIFICATION NUMBER
Classification number 820.9
Author mark and Year WAR 1953
100 ## - MAIN ENTRY--PERSONAL NAME
Personal name Ward, A. C
245 ## - TITLE STATEMENT
Title Illustrated History of English Literature /
Remainder of title A. C. Ward
260 ## - PUBLICATION, DISTRIBUTION, ETC. (IMPRINT)
Place of publication, distribution, etc London;
Name of publisher, distributor, etc Longmans
Date of publication, distribution, etc WAR 1953
300 ## - PHYSICAL DESCRIPTION
Pagination 244. p :
Other physical details Ill
Dimensions 21 cm
650 ## - SUBJECT ADDED ENTRY--TOPICAL TERM
Topical term or geographic name as entry element English Literatuer
942 ## - ADDED ENTRY ELEMENTS (KOHA)
Source of classification or shelving scheme Dewey Decimal Classification
Koha item type Books
Holdings
Source of classification or shelving scheme Damaged status Not for loan Home library Current library Shelving location Date of accession Total Checkouts Full call number Barcode Date last seen Copy number Koha item type volume number
Dewey Decimal Classification     JCC Rouf Library JCC Rouf Library General Stacks 02/26/2018   820.9 WAR 1953 9689 02/26/2018 C-1 Books  
Dewey Decimal Classification     JCC Rouf Library JCC Rouf Library General Stacks     820.9 WAR 1953 11996 03/07/2018 C - 2 Books V-2

JCC Library | Contacts | JCC Home

Last Update on 23 September 2017
Copyright @ 2017-2020 JCC Rouf Library
Rouf Library, Jhenidah Cadet College (JCC), Bangladesh